Länder an den Transafrikanischen Autobahnrouten - Statistiken

Allgemein
  • Dieses Quiz wurde 113 mal gespielt
  • Das Durchschnittsergebnis liegt bei 31 aus 60
Antwortstatistiken
Antwort % Korrekt
TAH1 Ägypten
99%
TAH1 Libyen
87%
TAH2 Algerien
83%
TAH2 Nigeria
80%
TAH4 Ägypten
78%
TAH2 Niger
77%
TAH1 Senegal
77%
TAH3 Libyen
76%
TAH1 Tunesien
76%
TAH1 Algerien
74%
TAH1 Marokko
73%
TAH1 Mauretanien
72%
TAH4 Sudan
72%
TAH4 Südafrika
69%
TAH5 Senegal
67%
TAH3 Südafrika
67%
TAH3 Tschad
67%
TAH4 Äthiopien
65%
TAH4 Kenia
63%
TAH7 Senegal
62%
TAH4 Tansania
62%
TAH4 Botswana
60%
TAH4 Simbabwe
58%
TAH3 Namibia
57%
TAH6 Dschibuti
55%
TAH3 Angola
53%
TAH7 Nigeria
52%
TAH3 Demokratische Republik Kongo
51%
TAH8 Nigeria
51%
TAH6 Tschad
51%
TAH4 Sambia
50%
TAH6 Äthiopien
49%
TAH5 Mali
49%
TAH3 Republik Kongo
49%
TAH5 Tschad
48%
TAH7 Gambia
47%
TAH6 Sudan
45%
TAH3 Kamerun
44%
TAH5 Niger
43%
TAH5 Burkina Faso
42%
TAH3 Zentralafrikanische Republik
41%
TAH7 Elfenbeinküste
40%
TAH7 Ghana
38%
TAH5 Nigeria
38%
TAH7 Benin
37%
TAH7 Guinea
37%
TAH7 Guinea-Bissau
37%
TAH7 Liberia
37%
TAH7 Sierra Leone
37%
TAH7 Togo
37%
TAH8 Kamerun
33%
TAH8 Kenia
27%
TAH8 Zentralafrikanische Republik
27%
TAH8 Demokratische Republik Kongo
26%
TAH8 Uganda
21%
TAH9 Mosambik
10%
TAH9 Sambia
10%
TAH9 Simbabwe
10%
TAH9 Demokratische Republik Kongo
7%
TAH9 Angola
6%
Keine übereinstimmenden Quizze gefunden
Verteilung der Resultate
Anzahl Personen mit jedem Resultat
Perzentil nach korrekt beantworteten Fragen
Ihre Resultats-Entwicklung
Sie haben dieses Quiz noch nicht gespielt